| 000 | 00678nam a22002417a 4500 | ||
|---|---|---|---|
| 001 | 0074 | ||
| 003 | DO-SdBNP | ||
| 005 | 20231027130623.0 | ||
| 007 | 0074 | ||
| 008 | 151117b1982 sp 1982| 00| 0 spa d | ||
| 020 | _a8475300898 | ||
| 040 |
_aBPMSU _bspa _cBPMSU |
||
| 082 | 4 |
_aCo863.44 _bG216c 1982 _222 |
|
| 100 | 1 |
_aGarcía Márquez, Gabriel _d1927-2014 |
|
| 245 | 1 | 3 |
_aEl coronel no tiene quién le escriba / _cGabriel García Márquez |
| 260 |
_aBarcelona : _bOrbis, _c1982. |
||
| 300 |
_a153 p. : _c20 cm. |
||
| 586 | _aPremio Nobel 1982 | ||
| 590 | _aInventariado, 2023/VM | ||
| 650 | 4 | _aNovela colombiana. | |
| 910 | _aVMateo V. Control de calidad. BPMSU | ||
| 942 |
_2ddc _cBK |
||
| 999 |
_c8742 _d8742 |
||